Effect of nitrogen fertilizer on chinese cabbage at crop station of royal university of agriculture, ឥទ្ធិពលជីអាសូតលើដំណាំស្ពៃក្រញ៉ាញ់ នៅក្នុងស្ថានីយ៍ពិសោធន៍ដំណាំ នៃសាកលវិទ្យាល័យភូមិន្ទកសិកម្ម, (Record no. 3190)

000 -LEADER
fixed length control field 00735nam a22001577a 4500
003 - CONTROL NUMBER IDENTIFIER
control field OSt
005 - DATE AND TIME OF LATEST TRANSACTION
control field 20151105161720.0
008 - FIXED-LENGTH DATA ELEMENTS--GENERAL INFORMATION
fixed length control field 151105b xxu||||| |||| 00| 0 eng d
040 ## - CATALOGING SOURCE
Transcribing agency RUA
082 ## - DEWEY DECIMAL CLASSIFICATION NUMBER
Classification number AGR ROE 2006 B032 Or.1
100 ## - MAIN ENTRY--PERSONAL NAME
9 (RLIN) 3420
Personal name ROEURN SIRANET
245 ## - TITLE STATEMENT
Title Effect of nitrogen fertilizer on chinese cabbage at crop station of royal university of agriculture, ឥទ្ធិពលជីអាសូតលើដំណាំស្ពៃក្រញ៉ាញ់ នៅក្នុងស្ថានីយ៍ពិសោធន៍ដំណាំ នៃសាកលវិទ្យាល័យភូមិន្ទកសិកម្ម,
260 ## - PUBLICATION, DISTRIBUTION, ETC. (IMPRINT)
Place of publication, distribution, etc. Phnom Penh
Name of publisher, distributor, etc. RUA
Date of publication, distribution, etc. 2006
300 ## - PHYSICAL DESCRIPTION
Extent 41p;
Other physical details ill.
Dimensions 29cm.
942 ## - ADDED ENTRY ELEMENTS (KOHA)
Source of classification or shelving scheme
Koha item type FOR
Holdings
Price effective from Date last seen Permanent Location Not for loan Date acquired Source of classification or shelving scheme Koha item type Lost status Withdrawn status Date last checked out Total Checkouts Shelving location Damaged status Barcode Current Location Full call number
2015-11-052015-11-05Library Block B 2015-11-05 FOR    B032 RUA036871Library Block BAGR ROE 2006 B032 Or.1
2018-12-212023-01-06Library Block B 2018-12-21 FOR  2022-12-202B1.194 A41936Library Block BAGR ROE 2006 B1.194 Or.1
2019-02-252025-07-22Library Block B 2019-02-25 FOR  2025-07-144B1.222 A35495Library Block BAGR ROE 2006 B1.222 Or.1
មជ្ឈមណ្ឌលឯការនៃសាកលវិទ្យាល័យភូមិន្ទកសិកម្មចំការដូង

Powered by Koha